Problems and solution in control system engineering (Record no. 730)

MARC details
000 -LEADER
Fixed length control field 00521nam a2200181 4500
003 - CONTROL NUMBER IDENTIFIER
Control field SEACOMEC
005 - DATE AND TIME OF LATEST TRANSACTION
Control field 20240305152441.0
008 - FIXED-LENGTH DATA ELEMENTS--GENERAL INFORMATION
Fixed length control field 240305b |||||||| |||| 00| 0 eng d
020 ## - INTERNATIONAL STANDARD BOOK NUMBER / ISBN
Price Rs.350.00
040 ## - CATALOGING SOURCE
Original cataloging agency SEACOMEC
082 ## - DEWEY DECIMAL CLASSIFICATION NUMBER
Classification number 629.8
Book Number S624
100 ## - MAIN ENTRY--PERSONAL NAME
Personal name Shivanandan,S.N.
245 1# - TITLE STATEMENT
Title Problems and solution in control system engineering
Statement of responsibility S.N. Shivanandan,S.N.Deepa
260 ## - IMPRINT
Place of publication Kolkata
Name of publisher Jaico Publishing House
Date of publication 2006
650 ## - SUBJECT ADDED ENTRY--TOPICAL TERM
Topical term Technology,Automatic control engineering
700 ## - ADDED ENTRY--PERSONAL NAME
Personal name Deepa,S.N.
942 ## - ADDED ENTRY ELEMENTS (KOHA)
Koha item type Books
Holdings
Withdrawn status Lost status Source of classification Damaged status Not for loan Home library Current library Date acquired Total Checkouts Call number Accession number Date last seen Copy number Price effective from Koha item type
    Dewey Decimal Classification     SEACOM ENGINEERING COLLEGE SEACOM ENGINEERING COLLEGE 09/06/2006   629.8 S624 03171 05/03/2024 4 05/03/2024 Books
    Dewey Decimal Classification     SEACOM ENGINEERING COLLEGE SEACOM ENGINEERING COLLEGE 09/06/2006   629.8 S624 03172 05/03/2024 5 05/03/2024 Books
    Dewey Decimal Classification     SEACOM ENGINEERING COLLEGE SEACOM ENGINEERING COLLEGE 09/06/2006   629.8 S624 03173 05/03/2024 6 05/03/2024 Books
    Dewey Decimal Classification     SEACOM ENGINEERING COLLEGE SEACOM ENGINEERING COLLEGE 09/06/2006   629.8 S624 03174 05/03/2024 7 05/03/2024 Books
© Seacom Engineering College, All rights reserved.      Powered by Koha